[Event "ISR-ch op"]
[Site "Safed"]
[Date "2021.12.14"]
[Round "7"]
[White "Feldman, Antony"]
[Black "Gurbanov, Andrei"]
[Result "0-1"]
[WhiteElo "1986"]
[BlackElo "2275"]
[PlyCount "56"]
[EventDate "2021.12.08"]
[EventType "swiss"]
[EventRounds "9"]
[EventCountry "ISR"]
[SourceTitle "CBM 205 Extra"]
[Source "ChessBase"]
[SourceDate "2022.01.31"]
[SourceVersion "1"]
[SourceVersionDate "2022.01.31"]
[SourceQuality "1"]

1. e4 e5 2. Nf3 Nc6 3. Nc3 Nf6 4. g3 d5 5. exd5 Nxd5 6. Bg2 Nxc3 7. bxc3 Bc5 8. 0-0 0-0 9. Re1 Qf6 10. d3 Bg4 11. h3 Bh5 12. g4 Bg6 13. Be3 Bb6 14. Nd2 Rad8 15. Rb1 h6 16. c4 Bxe3 17. Rxe3 b6 18. Bxc6 Qxc6 19. Rxe5 f5 20. Qf3 Qa4 21. Qd1 fxg4 22. hxg4 Qxa2 23. Reb5 Qa3 24. Nf3 Qd6 25. Ne5 c5 26. Nxg6 Qxg6 27. Ra1 Rd4 28. f3 Rdf4 0-1

[Event "ISR-ch op"]
[Site "Safed"]
[Date "2021.12.08"]
[Round "1"]
[White "Feldman, Antony"]
[Black "Mikhalevski, Victor"]
[Result "0-1"]
[WhiteElo "1986"]
[BlackElo "2562"]
[PlyCount "46"]
[EventDate "2021.12.08"]
[EventType "swiss"]
[EventRounds "9"]
[EventCountry "ISR"]
[SourceTitle "CBM 205 Extra"]
[Source "ChessBase"]
[SourceDate "2022.01.31"]
[SourceVersion "1"]
[SourceVersionDate "2022.01.31"]
[SourceQuality "1"]

1. e4 e5 2. Nc3 Nf6 3. g3 d5 4. exd5 Nxd5 5. Bg2 Nxc3 6. bxc3 Nc6 7. Nf3 Bc5 8. 0-0 0-0 9. d3 Bg4 10. h3 Bh5 11. g4 Bg6 12. Ng5 h6 13. Ne4 Bb6 14. Ng3 f5 15. Nxf5 Bxf5 16. gxf5 Rxf5 17. Be4 Rf6 18. Qh5 Qd6 19. Be3 Raf8 20. Rae1 Ne7 21. Bxb6 axb6 22. Re3 Nf5 23. Rf3 Rg6+ 0-1

[Event "London Classic op 7th"]
[Site "London"]
[Date "2015.12.05"]
[Round "3"]
[White "Feldman, Antony"]
[Black "Lercel, Michal"]
[Result "0-1"]
[WhiteElo "2024"]
[BlackElo "2228"]
[PlyCount "46"]
[EventDate "2015.12.04"]
[EventType "swiss"]
[EventRounds "9"]
[EventCountry "ENG"]
[SourceTitle "CBM 169 Extra"]
[Source "ChessBase"]
[SourceDate "2015.12.18"]
[SourceVersion "1"]
[SourceVersionDate "2015.12.18"]
[SourceQuality "1"]

1. Nf3 Nf6 2. g3 g6 3. Bg2 Bg7 4. 0-0 d6 5. c4 0-0 6. Nc3 e5 7. d3 c6 8. Rb1 h6 9. b4 a6 10. Qb3 Be6 11. a4 Nbd7 12. Ba3 b5 13. Nd2 Rc8 14. Qd1 d5 15. Rc1 Qb6 16. cxd5 cxd5 17. axb5 axb5 18. Nb3 d4 19. Ne4 Nxe4 20. Rxc8 Rxc8 21. Bxe4 Rc3 22. Nc5 Rxa3 23. Nxe6 Qxe6 0-1

[Event "Budapest FS08 FM-A"]
[Site "Budapest"]
[Date "2015.08.03"]
[Round "3"]
[White "Lakat, Gyula"]
[Black "Feldman, Antony"]
[Result "0-1"]
[WhiteElo "1836"]
[BlackElo "2018"]
[PlyCount "84"]
[EventDate "2015.08.01"]
[EventType "tourn"]
[EventRounds "11"]
[EventCountry "HUN"]
[SourceTitle "CBM 167 Extra"]
[Source "ChessBase"]
[SourceDate "2015.09.14"]
[SourceVersion "1"]
[SourceVersionDate "2015.09.14"]
[SourceQuality "1"]

1. c4 b6 2. Nc3 Bb7 3. e4 e5 4. Nf3 d6 5. d4 exd4 6. Nxd4 Nf6 7. Bd3 Be7 8. Nf5 0-0 9. Nxe7+ Qxe7 10. f3 Nbd7 11. 0-0 c6 12. Bg5 Qe6 13. b3 Qe5 14. Qd2 Nc5 15. Bc2 Ne6 16. Be3 Qa5 17. Rad1 Rad8 18. Bb1 Qh5 19. Ne2 Qh4 20. Kh1 Ne8 21. f4 Qe7 22. Qc2 Qh4 23. Rf3 g6 24. Rg3 N6g7 25. f5 Qe7 26. Bg5 f6 27. Bh6 g5 28. Nd4 d5 29. exd5 cxd5 30. Nf3 dxc4 31. Rxd8 Qxd8 32. Qxc4+ Bd5 33. Qd4 Rf7 34. Bxg7 Nxg7 35. Be4 Rd7 36. Bxd5+ Rxd5 37. Qe3 Nxf5 38. Qe6+ Kg7 39. Rh3 Rd1+ 40. Ng1 Qd4 41. Rxh7+ Kxh7 42. Qxf5+ Kg7 0-1

[Event "Barcelona Sant Marti op-A 17th"]
[Site "Barcelona"]
[Date "2015.07.18"]
[Round "6"]
[White "Feldman, Antony"]
[Black "Minko, Dmitry"]
[Result "1/2-1/2"]
[WhiteElo "1950"]
[BlackElo "1672"]
[PlyCount "92"]
[EventDate "2015.07.13"]
[EventType "swiss"]
[EventRounds "9"]
[EventCountry "ESP"]
[SourceTitle "CBM 167 Extra"]
[Source "ChessBase"]
[SourceDate "2015.09.14"]
[SourceVersion "1"]
[SourceVersionDate "2015.09.14"]
[SourceQuality "1"]

1. Nf3 e6 2. g3 d5 3. Bg2 Nf6 4. 0-0 Be7 5. d4 0-0 6. c4 Nbd7 7. b3 c5 8. cxd5 Nxd5 9. Bb2 N7f6 10. Nbd2 b6 11. Ne5 Bb7 12. dxc5 Bxc5 13. Nd3 Be7 14. Nc4 Rc8 15. Qd2 h6 16. Rfd1 a5 17. Qe1 Qe8 18. Rac1 Nd7 19. Nf4 Bb4 20. Qf1 b5 21. Nxd5 Bxd5 22. Bxd5 exd5 23. Ne3 Rxc1 24. Bxc1 Nb6 25. Nxd5 Nxd5 26. Rxd5 Qc6 27. Qd1 Be7 28. Be3 Rc8 29. Qd3 a4 30. Qxb5 Qxb5 31. Rxb5 a3 32. Rd5 Rc2 33. Rd2 Rb2 34. Kg2 Bb4 35. Rd4 Bc3 36. Rd3 Bb4 37. Rd4 Bc3 38. Rd3 Bb4 39. Rd8+ Kh7 40. Rd4 Bc3 41. Rd3 Bb4 42. Rd4 Bc3 43. Rc4 Bf6 44. Bd4 Bxd4 45. Rxd4 Rxe2 46. Ra4 Rxa2 1/2-1/2

[Event "EU-ch 16th"]
[Site "Jerusalem"]
[Date "2015.02.26"]
[Round "3"]
[White "Toporkova, Sofia"]
[Black "Feldman, Antony"]
[Result "0-1"]
[WhiteElo "1962"]
[BlackElo "1807"]
[PlyCount "71"]
[EventDate "2015.02.24"]
[EventType "swiss"]
[EventRounds "11"]
[EventCountry "ISR"]
[SourceTitle "CBM 166"]
[Source "ChessBase"]
[SourceDate "2015.05.11"]
[SourceVersion "1"]
[SourceVersionDate "2015.05.11"]
[SourceQuality "1"]

1. d4 Nf6 2. c4 c5 3. d5 d6 4. Qc2 g6 5. e4 Bg7 6. Nc3 0-0 7. f4 e6 8. Nf3 exd5 9. cxd5 Na6 10. Bxa6 bxa6 11. 0-0 Rb8 12. h3 Re8 13. Re1 Nd7 14. g4 Nb6 15. Kh2 Nc4 16. Rb1 Qa5 17. Kg3 Bd7 18. Bd2 Qc7 19. Re2 Qc8 20. Nd1 Qb7 21. Nc3 Qc8 22. f5 Nxd2 23. Rxd2 Rb4 24. Re1 Qb8 25. Rde2 Rxb2 26. Qxb2 Qxb2 27. Rxb2 Bxc3 28. Rb7 Bxe1+ 29. Nxe1 Bc8 30. Rc7 gxf5 31. e5 dxe5 32. d6 Rd8 33. Nd3 Be6 34. gxf5 Bxf5 35. Nxe5 Rxd6 36. Nxf7 0-1

[Event "EU-ch U14 24th"]
[Site "Batumi"]
[Date "2014.10.24"]
[Round "6"]
[White "Feldman, Antony"]
[Black "Yazici, Ugur Doga"]
[Result "0-1"]
[WhiteElo "1928"]
[BlackElo "1772"]
[PlyCount "43"]
[EventDate "2014.10.19"]
[EventType "swiss"]
[EventRounds "9"]
[EventCountry "GEO"]
[SourceTitle "EXT 2015"]
[Source "ChessBase"]
[SourceDate "2014.11.20"]
[SourceVersion "1"]
[SourceVersionDate "2014.11.20"]
[SourceQuality "1"]

1. e4 e5 2. Nf3 Nc6 3. Bb5 Nf6 4. d3 d6 5. c3 Be7 6. 0-0 0-0 7. Re1 a6 8. Ba4 d5 9. Bb3 Na5 10. Bc2 c5 11. Nbd2 Qc7 12. Nf1 Nc6 13. Ne3 g6 14. Nxd5 Nxd5 15. exd5 Na5 16. d4 cxd4 17. cxd4 Bg4 18. Bh6 Bxf3 19. Qxf3 Qxc2 20. Bxf8 Rxf8 21. b3 Rc8 22. g3 0-1

[Event "EU-ch U14 24th"]
[Site "Batumi"]
[Date "2014.10.20"]
[Round "2"]
[White "Feldman, Antony"]
[Black "Nguyen, Thai Dai Van"]
[Result "1-0"]
[WhiteElo "1928"]
[BlackElo "2286"]
[PlyCount "63"]
[EventDate "2014.10.19"]
[EventType "swiss"]
[EventRounds "9"]
[EventCountry "GEO"]
[SourceTitle "EXT 2015"]
[Source "ChessBase"]
[SourceDate "2014.11.20"]
[SourceVersion "1"]
[SourceVersionDate "2014.11.20"]
[SourceQuality "1"]

1. e4 c5 2. Nf3 d6 3. Bb5+ Nd7 4. 0-0 Ngf6 5. Re1 a6 6. Bf1 e6 7. c3 Be7 8. d4 cxd4 9. cxd4 d5 10. e5 Ne4 11. Nc3 Nxc3 12. bxc3 0-0 13. a4 Re8 14. Rb1 Qc7 15. Qb3 Rb8 16. c4 dxc4 17. Bxc4 b5 18. Bxe6 Nxe5 19. Bd5 Nxf3+ 20. Qxf3 Be6 21. axb5 Bxd5 22. Qxd5 axb5 23. Be3 b4 24. Rec1 Qd8 25. Qxd8 Rbxd8 26. Rb3 h6 27. Kf1 Ra8 28. Ke2 Ra3 29. Rcb1 f5 30. g3 Kf7 31. Kd3 Ke6 32. Bc1 1-0

[Event "Budapest FS07 FM-B"]
[Site "Budapest"]
[Date "2014.07.07"]
[Round "3"]
[White "Barcy, John"]
[Black "Feldman, Antony"]
[Result "0-1"]
[WhiteElo "1714"]
[BlackElo "1688"]
[PlyCount "76"]
[EventDate "2014.07.05"]
[EventType "tourn"]
[EventRounds "11"]
[EventCountry "HUN"]
[SourceTitle "CBM 161 Extra"]
[Source "ChessBase"]
[SourceDate "2014.08.29"]
[SourceVersion "1"]
[SourceVersionDate "2014.08.29"]
[SourceQuality "1"]

1. e4 c5 2. Nf3 e6 3. d4 cxd4 4. Nxd4 Nf6 5. Nc3 d6 6. Bb5+ Nbd7 7. 0-0 a6 8. Bc4 Be7 9. Bxe6 fxe6 10. Nxe6 Qa5 11. Nxg7+ Kf7 12. Nf5 Ne5 13. Nxd6+ Bxd6 14. Qxd6 Rd8 15. b4 Rxd6 16. bxa5 Rc6 17. f4 Nc4 18. e5 Ng4 19. Rf3 Nce3 20. Bxe3 Rxc3 21. Bd4 Rxf3 22. gxf3 Nh6 23. Rb1 Nf5 24. Bb6 Be6 25. Bc7 Bd5 26. Rb6 Bc6 27. Kf2 Rc8 28. e6+ Kxe6 29. Be5 Rd8 30. Ke2 Nd4+ 31. Bxd4 Rxd4 32. Ke3 Ra4 33. Rb3 Rxa2 34. Kd2 Rxa5 35. Re3+ Kf6 36. Rd3 Rd5 37. c4 Rxd3+ 38. Kxd3 Kf5 0-1

[Event "Budapest FS07 FM-B"]
[Site "Budapest"]
[Date "2014.07.06"]
[Round "2"]
[White "Feldman, Antony"]
[Black "Bognar, Attila"]
[Result "1-0"]
[WhiteElo "1688"]
[BlackElo "1858"]
[PlyCount "61"]
[EventDate "2014.07.05"]
[EventType "tourn"]
[EventRounds "11"]
[EventCountry "HUN"]
[SourceTitle "CBM 161 Extra"]
[Source "ChessBase"]
[SourceDate "2014.08.29"]
[SourceVersion "1"]
[SourceVersionDate "2014.08.29"]
[SourceQuality "1"]

1. e4 c5 2. Nf3 g6 3. d4 cxd4 4. Nxd4 Nf6 5. Nc3 d6 6. Be3 Bg7 7. Be2 0-0 8. 0-0 Bd7 9. Kh1 Nc6 10. Nb3 Be6 11. f4 Qc8 12. a3 Rd8 13. Bg1 d5 14. e5 Ne4 15. Nb5 f6 16. exf6 Bxf6 17. N5d4 Bd7 18. c3 e5 19. fxe5 Nxe5 20. Nd2 Bg5 21. Nxe4 dxe4 22. Qb3+ Kg7 23. Qd5 Bf6 24. Qxe4 Re8 25. Qf4 Qd8 26. Rad1 Qe7 27. Nf3 Rf8 28. Nxe5 Bxe5 29. Rxd7 Qxd7 30. Qxe5+ Kh6 31. Be3+ 1-0

[Event "Budapest FS07 FM-B"]
[Site "Budapest"]
[Date "2014.07.05"]
[Round "1"]
[White "Szlenka, Attila"]
[Black "Feldman, Antony"]
[Result "1/2-1/2"]
[WhiteElo "1800"]
[BlackElo "1688"]
[PlyCount "62"]
[EventDate "2014.07.05"]
[EventType "tourn"]
[EventRounds "11"]
[EventCountry "HUN"]
[SourceTitle "CBM 161 Extra"]
[Source "ChessBase"]
[SourceDate "2014.08.29"]
[SourceVersion "1"]
[SourceVersionDate "2014.08.29"]
[SourceQuality "1"]

1. Nf3 Nf6 2. g3 c5 3. Bg2 g6 4. c4 Bg7 5. Nc3 0-0 6. 0-0 d6 7. d4 Na6 8. d5 Nc7 9. e4 Bg4 10. h3 Bxf3 11. Qxf3 e6 12. Bg5 h6 13. Bd2 exd5 14. exd5 a6 15. a4 Rb8 16. a5 b5 17. axb6 Rxb6 18. Na4 Rb8 19. Bc3 Nd7 20. Bxg7 Kxg7 21. Qc3+ Qf6 22. Qxf6+ Nxf6 23. Rfe1 Rfe8 24. Rxe8 Nfxe8 25. Be4 Nf6 26. Bc2 Nd7 27. f4 Nb6 28. Nxb6 Rxb6 29. b3 f6 30. Kf2 Kf7 31. h4 h5 1/2-1/2